| 000 | 00438nam a22001577a 4500 | ||
|---|---|---|---|
| 005 | 20211007164301.0 | ||
| 008 | 170130b xxu||||| |||| 00| 0 eng d | ||
| 020 | _a185233665X | ||
| 040 | _c. | ||
| 082 | _a620.118 CHU | ||
| 100 |
_aChung, Deborah. D. L. _961000 |
||
| 245 |
_aComposite Materials:Science and Application \ _cDeborah. D. L.Chung |
||
| 260 |
_aLondon, _bSpringer _c2002. |
||
| 300 |
_a289 p. ; _c23cm |
||
| 942 |
_2ddc _cBK |
||
| 999 |
_c174507 _d174507 |
||